| 000 | 00997nas a2200325 4500 | ||
|---|---|---|---|
| 001 | BR0100239 | ||
| 003 | BR-BrBNA | ||
| 005 | 20231205102016.0 | ||
| 007 | ta | ||
| 008 | 230509b bl.|||p| |||| 00| 00por d | ||
| 040 |
_aBR-BrBNA _bpor _cBiblioteca Nacional de Agricultura |
||
| 041 | _a(Pt) | ||
| 072 | _aN20; F61 | ||
| 100 | 1 | _aSouza, C.M. de | |
| 100 | 1 | _aFigueiredo, M. de S. | |
| 100 | 1 | _aCosta, L.M. da | |
| 100 | 1 | _aSediyama, C.S. | |
| 100 | 1 | _aSediyama, T. | |
| 245 | 1 | _aInfluencia do uso continuo de grade pesada em um latossolo vermelho-amarelo sobre a absorcao de nutrientes pela soja | |
| 650 | _aSoja | ||
| 650 | _aGrade | ||
| 650 | _aAbsorcao de Nutrientes | ||
| 650 | _aLatossolo Vermelho Amarelo | ||
| 650 | _aNutricao Vegetal | ||
| 650 | _aManejo do Solo | ||
| 650 | _aMinas Gerais | ||
| 773 | 0 |
_tRevista Ceres (Brazil) _xISSN 0034-737X _g(May-Jun 2000), v. 47(271) p. 241-242 _wBR0100239 |
|
| 909 |
_a202311 _bLúcia _c55 _dLúcia Elande |
||
| 942 |
_2AGRIS _n0 _cANA |
||
| 999 |
_c165230 _d165230 |
||